GETS Theological Seminary Library

剑桥中国隋唐史, 589-906年 (Record no. 50240)

MARC details
000 -LEADER
fixed length control field 00752nam a2200169Ia 4500
008 - FIXED-LENGTH DATA ELEMENTS--GENERAL INFORMATION
fixed length control field 231021s9999 xx 000 0 und d
020 ## - INTERNATIONAL STANDARD BOOK NUMBER
International Standard Book Number 97875004056107500405618
041 ## - LANGUAGE CODE
Language code of text/sound track or separate title chi
050 ## - LIBRARY OF CONGRESS CALL NUMBER
Classification number DS735
Item number .C314512 1990
245 #0 - TITLE STATEMENT
Title 剑桥中国隋唐史, 589-906年
Remainder of title /
Statement of responsibility, etc. 崔瑞德编 ; 中国社会科学院历史硏究所西方汉学研究课题组译
246 ## - VARYING FORM OF TITLE
Title proper/short title 劍橋中國隋唐史, 589-906年
Remainder of title /
260 ## - PUBLICATION, DISTRIBUTION, ETC.
Place of publication, distribution, etc. 北京 : 
Name of publisher, distributor, etc. 中国社会科学出版社,
Date of publication, distribution, etc. 2007
300 ## - PHYSICAL DESCRIPTION
Extent 4, 11, 2, 7, 804 p. :
Other physical details ill., maps ;
Dimensions 21 cm.
650 ## - SUBJECT ADDED ENTRY--TOPICAL TERM
Topical term or geographic name entry element Tang Dynasty (China)China -- History -- Sui dynasty, 581-618China -- History -- Tang dynasty, 618-907
700 ## - ADDED ENTRY--PERSONAL NAME
Personal name 崔瑞德中国社会科学院历史硏究所西方汉学研究课题组
Holdings
Withdrawn status Lost status Damaged status Not for loan Home library Current library Shelving location Date acquired Total Checkouts Full call number Barcode Date last seen Price effective from Koha item type
        GETS Theological Seminary Library GETS Theological Seminary Library   11/13/2023   DS735 .C314512 1990 00031861 11/13/2023 11/13/2023 Chinese Book
OpacCredits

Contact the Librarian, GETS Library
Email: library@mygets.org









Implemented by GETS Library
(Powered by ETCA Professional Group)
GETS Theological Seminary
412 E. Rowland Street, CA 91723